Obras completas [de Alejandro Casona] : teatro, teatro infantil, traducciones y adaptaciones, ensayos /
La editorial Aguilar ha publicado en diferentes ocasiones las Obras completas de Casona, distribuidas en dos tomos y con un extenso prólogo de Federico Carlos Sáinz de Robles (1898-1983). La composición de los volúmenes ha sido modificada, si se considera que las primeras ediciones aparecieron cuand...
Guardat en:
| Autor principal: | |
|---|---|
| Format: | Llibre |
| Idioma: | espanyol |
| Publicat: |
Madrid, España :
Aguilar,
1969, c1953
|
| Edició: | 6a edición |
| Col·lecció: | (Biblioteca de Autores Modernos)
|
| Matèries: | |
| Etiquetes: |
Sense etiquetes, Sigues el primer a etiquetar aquest registre!
|
MARC
| LEADER | 00000nam^a2200000^a^4500 | ||
|---|---|---|---|
| 001 | 000301193 | ||
| 005 | 20250521000000.0 | ||
| 009 | 20260310112536.478 | ||
| 037 | |a Acervo Xavier Clavigero | ||
| 041 | |a ESP | ||
| 082 | |a 868. |b CAS V. 2 | ||
| 100 | |a Casona, Alejandro |e (autor) | ||
| 240 | 1 | 1 | |a [Obras completas de Alejandro Casona] |
| 240 | 1 | 4 | |a [El burlador de Sevilla] |
| 240 | 1 | 4 | |a [El caballero de las espuelas de oro] |
| 240 | 1 | 4 | |a [La Celestina] |
| 240 | 1 | 1 | |a [Peribáñez y el comendador de Ocaña] |
| 240 | 1 | 1 | |a [Retablo jovial] |
| 240 | 1 | 1 | |a [Ricardo III] |
| 240 | 1 | 1 | |a [Sueño de una noche de verano] |
| 240 | 1 | 4 | |a [La tercera palabra] |
| 245 | 1 | 0 | |a Obras completas [de Alejandro Casona] : |b teatro, teatro infantil, traducciones y adaptaciones, ensayos / |c A. Casona. |
| 250 | |a 6a edición | ||
| 264 | 4 | |a Madrid, España : |b Aguilar, |c 1969, c1953 | |
| 300 | |a 1466 p. | ||
| 336 | |a texto |b txt |2 rdacontenido | ||
| 337 | |a sin mediación |b n |2 rdamedio | ||
| 338 | |a volumen |b nc |2 rdasoporte | ||
| 440 | 1 | |a (Biblioteca de Autores Modernos) | |
| 520 | |a La editorial Aguilar ha publicado en diferentes ocasiones las Obras completas de Casona, distribuidas en dos tomos y con un extenso prólogo de Federico Carlos Sáinz de Robles (1898-1983). La composición de los volúmenes ha sido modificada, si se considera que las primeras ediciones aparecieron cuando el autor todavía estaba activo. El segundo tomo de la sexta edición, que data de 1969, está dividido en cuatro partes, correspondientes a teatro, teatro infantil, traducciones y adaptaciones y ensayos: I) Teatro: 1) Siete gritos en el mar, 2) La tercera palabra, 3) Corona de amor y muerte, 4) La casa de los siete balcones, 5) Carta de una desconocida, 6) Tres diamantes y una mujer, 7) El caballero de las espuelas de oro y 8) Retablo jovial, conjunto de cinco farsas escritas para el teatro ambulante; II) Teatro infantil: 9) El lindo don gato y 10) ¡A Belén, pastores!; III) Obras clásicas traducidas o adaptadas: 11-12) Ricardo III y Sueño de una noche de verano, de William Shakespeare, 13-14) El anzuelo de Fenisa y Peribáñez y el comendador de Ocaña, de Lope de Vega, 15) El burlador de Sevilla, de Tirso de Molina y 16) La Celestina, de Fernando de Rojas y IV) Varia: 17) El diablo: su valor literario, principalmente en España, 18) Las mujeres de Lope de Vega: viday teatro y 19) Vida de Francisco Pizarro. | ||
| 545 | 0 | |a Nacido en la aldea asturiana de Besullo en 1903 con el nombre de Alejandro Rodríguez Alvarez, el escritor español Alejandro Casona irrumpió en el panorama literario con el romance histórico La empresa del Ave María (1920) y el libro de poemas El peregrino de la barba florida (1926), todavía firmado con su nombre verdadero, pero es con El crimen del Lord Arturo (1929) que inicia su obra dramática, por la que es más conocido y recordado y con la que alcanzó grandes éxitos internacionales. Casona, quien se desempeñó como maestro en el valle de Arán, dirigió a partir de 1931 el itinerante Teatro del Pueblo, dependiente de las misiones pedagógicas del gobierno republicano, para el que escribió piezas cortas dentro de la tradición del entremés. La sirena varada (1934), El misterio de María Celeste (1935), Otra vez el diablo (1935), El mancebo que casó con mujer brava (1935) y Nuestra Natacha (1936) completaron esta primera etapa dramática, algunas de ellas con un gran éxito de crítica y público, precedente a su exilio a causa de la Guerra Civil española; a ellas se suma también el volumen de prosa Flor de leyendas (1932), galardonado con el Premio Nacional de Literatura. El asturiano estrenó en México su conocida Prohibido suicidarse en primavera (1937), pero a diferencia de otros miembros del exilio español prefirió marchar a Sudamérica y se instaló en forma permanente en Argentina, donde salieron a la luz varias de sus obras teatrales más célebres, como La dama del alba (1944), La barca sin pescador (1945), La molinera de Arcos (1947), Los árboles mueren de pie (1949) y La tercera palabra (1953). Casona, quien también participó en las adaptaciones fílmicas de seis de sus obras y como guionista en otras películas más en la industria cinematográfica argentina, regresó a España en 1962, cuando estrenó su última obra (El caballero de las espuelas de oro), y falleció tres años después en Madrid. | |
| 649 | |a XX | ||
| 650 | |a Teatro Infantil - |z España | ||
| 650 | |a Teatro Español | ||
| 650 | |a Ensayos Españoles | ||
| 650 | |a Literatura Infantil - |z España | ||
| 650 | |a Literatura Española - |y Siglo XX | ||
| 910 | |a Fondo General | ||
| 920 | |a Impresos - Libros | ||
| 930 | |a Colección General | ||
| 940 | |a Literatura | ||
| 905 | |a 101 | ||
| 901 | |a 006877 |b IT1 |c LIT |u 20250521 | ||
| 902 | |a https://opac.biblio.iteso.mx/vufind/Record/000301193 | ||